Random famous paintings by artists - Statistics

General Stats
  • This quiz has been taken 334 times
    179 since last reset
  • The average score is 12 of 20
Answer Stats
Picture Answer % Correct
Claude Monet
100%
Claude Monet
100%
Diego Rivera
100%
Edward Hopper
100%
Edward Hopper
100%
Edward Munch
100%
Francisco de Goya
100%
Gustav Klimt
100%
Henri Matisse
100%
Leonardo da Vinci
100%
Leonardo da Vinci
100%
Leonardo da Vinci
100%
Michelangelo
100%
Pablo Picasso
100%
Pablo Picasso
100%
Pierre-Auguste Renoir
100%
Rembrandt
100%
Salvator Dali
100%
Vincent Van Gogh
100%
Vincent Van Gogh
100%
Vincent Van Gogh
100%
Vincent Van Gogh
93%
James Whistler
91%
Pablo Picasso
90%
Pablo Picasso
89%
Vincent Van Gogh
89%
Pablo Picasso
88%
Peter Bruegel The Elder
88%
Raphael
88%
Leonardo da Vinci
86%
Pablo Picasso
86%
Gustav Klimt
83%
Johannes Vermeer
83%
Paul Gauguin
83%
Vassily Kandinsky
83%
Edward Hopper
80%
Johannes Vermeer
80%
Michelangelo da Caravaggio
80%
Rembrandt
80%
JMW Turner
78%
Caspar David Friedrich
75%
Claude Monet
75%
Marc Chagall
75%
Paul Gauguin
75%
Vassily Kandinsky
75%
Diego Velazquez
71%
Francisco de Goya
71%
Michelangelo da Caravaggio
71%
Pablo Picasso
71%
René Magritte
71%
Sandro Botticelli
71%
William Blake
71%
Eugène Delacroix
70%
Edouard Manet
67%
Edouard Manet
67%
Edward Munch
67%
Jacques-Louis David
67%
Jacques-Louis David
67%
Giuseppe Arcimboldo
64%
Jacques-Louis David
63%
Alfred Sisley
60%
Claude Monet
60%
Edward Hopper
60%
Jan van Eyck
60%
Jérôme Bosch
60%
Katsushika Hokusai
60%
Paul Cezanne
60%
Pierre-Auguste Renoir
60%
Theodore Gericault
60%
Titian
60%
William Blake
60%
Mark Rothko
58%
Joan Miro
57%
Michelangelo
57%
Pierre Paul Rubens
57%
Alfons Mucha
56%
Marcel Duchamp
55%
David Hockney
50%
Eugène Delacroix
50%
Francis Bacon
50%
Georges Seurat
50%
Jean-Honoré Fragonard
50%
Kazimir Malevich
50%
Leonardo da Vinci
50%
Nicolas Poussin
50%
Oskar Kokoschka
50%
Paul Klee
50%
Pieter Bruegel The Elder
50%
Sandro Botticelli
50%
Paul Cézanne
46%
Henri de Toulouse-Lautrec
44%
Raphael
44%
Willem De Kooning
44%
Henri Rousseau
43%
Jean-François Millet
43%
Edward Hopper
42%
Marc Chagall
40%
Paul Klee
40%
Tamara de Lempicka
40%
Henri de Toulouse-Lautrec
38%
Kazimir Malevich
38%
Paul Klee
38%
Kazimir Malevich
36%
Edgar Degas
33%
Edward Hopper
33%
Gerda Wegener
33%
Gustave Caillebotte
33%
Gustave Courbet
33%
Marc Chagall
33%
Paul Klee
33%
Willem De Kooning
33%
William Blake
33%
Alfred Sisley
30%
Camille Pissarro
30%
Nicolas Poussin
30%
David Hockney
29%
Alfons Mucha
25%
El Greco
25%
Gerda Wegener
25%
Hans Holbein The Younger
25%
Marc Chagall
25%
Hans Holbein The Younger
22%
Camille Pissarro
20%
David Hockney
20%
Ilya Repin
20%
Leonardo da Vinci
20%
Grant Wood
17%
Kazimir Malevich
14%
Gustave Courbet
13%
Ilya Repin
13%
Theodore Gericault
13%
Camille Pissarro
11%
Cassius Marcellus Coolidge
11%
Alfred Sisley
0%
Robert Delaunay
0%
No matching quizzes found
Score Distribution
Percent of People with Each Score
Percentile by Number Answered
Your Score History
You have not taken this quiz since the last reset